BAA BAA BLACK SHEEP

Gespeichert in:
Bibliographische Detailangaben
1. Verfasser: Boyington (autor)
Format: Buch
Tags: Tag hinzufügen
Keine Tags, Fügen Sie das erste Tag hinzu!

MARC

LEADER 00000nam^a2200000^a^4500
001 000208728
005 20250521000000.0
009 20260310103259.214
035 |a 034329 
037 |a Acervo Xavier Clavigero 
082 |a 863. 7  |b BOY 
100 |a Boyington  |e (autor) 
245 1 0 |a BAA BAA BLACK SHEEP 
264 |a NEW YORK :  |b G. P. PUTNAM'S SONS,  |c 1958 
300 |a 384 p. 
336 |a texto  |b txt  |2 rdacontenido 
337 |a sin mediación  |b n  |2 rdamedio 
338 |a volumen  |b nc  |2 rdasoporte 
649 |a XX 
910 |a Fondo General 
920 |a Impresos - Libros 
930 |a Colección General 
940 |a Literatura 
905 |a 101 
901 |a 034329  |b IT1  |c LIT  |i 034329  |u 20250521 
902 |a https://opac.biblio.iteso.mx/vufind/Record/000208728